000 00319nam a2200121Ia 4500
008 190216s9999||||xx |||||||||||||| ||und||
100 _aAuro Bindo
245 0 _aHindi- Yoga Sadhana Ke Kuchha Pramukha Thathwa
260 _bSri Auro Bindo Ashram Trust
_c2001
300 _a98
650 _aHindi Literature
942 _cBK
999 _c16127
_d16127